| 000 | 00449nam a2200133Ia 4500 | ||
|---|---|---|---|
| 008 | 250506s9999 xx 000 0 und d | ||
| 024 | _a07A-70-EE, 07A-67-EE & 07B-156-EE | ||
| 082 | _a629.83072 HAR | ||
| 100 | _aHaris Bin Khaleeq, Syed Waqar Haider Zaidi & M. Salman | ||
| 245 | 0 | _aPLC Based Industrial Centralizied Cooling System | |
| 260 |
_aKarachi: _bUIT, _c2007 |
||
| 600 | _aElectronic Engineering | ||
| 650 | _aBachelor of Engineering (BE) | ||
| 999 |
_c27939 _d27939 |
||